000 00629nam a22002417a 4500
003 UA-OsUOA
001 89819
007 ta
008 20121112b un ||||| |||| 00| 0 ukr d
100 _aКолісниченко Ю.
700 _aПлачинда С.
090 _a821.161.2
_bК60
942 _cBK
040 _aUA-OsUOA
_bukr
_cUA-OsUOA
_dUA-OsUOA
245 _aНеопалима купина
300 _a248 с.
955 _a3
041 _aukr
080 _a821.161.2
260 _aК.
_bМолодь
_c1968
650 7 _a82 Література. Літературознавство
_2UDC
999 _c376100
_d376100